000 00303nam a2200121Ia 4500
008 240624s9999 xx 000 0 und d
041 _aeng
082 _a658.8 STE
100 _aSTEVENS MARK
245 _aYOUR MARKETING SUCKS
260 _c2003
_aNew York
_bCrown Business
300 _a235 : p. : cm. ; 21
999 _c21575
_d21575